Normal view
MARC view
- Ojeda, Oscar
Entry Personal Name
001 - CONTROL NUMBER
- control field: 133491
003 - CONTROL NUMBER IDENTIFIER
- control field: NUST
005 - DATE AND TIME OF LATEST TRANSACTION
- control field: 20260227121958.0
008 - FIXED-LENGTH DATA ELEMENTS
- fixed length control field: 260227|| aca||aabn | a|a d
040 ## - CATALOGING SOURCE
- Original cataloging agency: NUST
- Transcribing agency: NUST
100 ## - HEADING--PERSONAL NAME
- Personal name: Ojeda, Oscar
670 ## - SOURCE DATA FOUND
- Source citation: Work cat.: (NUST): Ojeda, Oscar., Sasaki: Intersection and Convergence /, 2008.
